Statistics for Greek Mythology-Immortals

Click here to take the quiz!

General Stats

  • This quiz has been taken 260 times
  • The average score is 26 of 35

Answer Stats

HintAnswer% Correct
Kidnapped Persephone while picking flowers in the field NysaHades
99%
Sister/Wife of Zeus, Goddess of Marriage and FamilyHera
99%
A Twin, God of Music, Art, Poetry, Archery, the Sun, Medicine and PlagueApollo
98%
Son of Cronus and Rhea.Zeus
98%
God of the sea, horses, earthquakes and stormsPoseidon
97%
A Twin and a Maiden. Goddess of the Hunt, the Moon and ArcheryArtemis
96%
Goddess of the Harvest and AgricultureDemeter
96%
Born from Zeus headAthena
95%
Holds up the sky for eternityAtlas
94%
Born from Sea FoamAphrodite
90%
Father of PanHermes
90%
Winged Stallion. Son of Medusa and PoseidonPegasus
88%
Sister of Zeus, Hera, Poseidon, Demeter and Hades. Gave up her throne on Olympus for DionysusHestia
87%
Goddess of victoryNike
86%
Married to Aphrodite to prevent a war with the GodsHephaestus
81%
Father of Phobos (Fear) and Deimos (Terror)Ares
80%
Drives the chariot of the sunHelios
79%
God of SleepHypnos
77%
The NightNyx
77%
The darkest part of the underworldTartarus
77%
God of DeathThanatos
76%
Swallowed 5 of his Children.Cronus
75%
Goddess of RevengeNemesis
74%
Hid Zeus away in Crete to save him from his fatherRhea
71%
Born from Zeus's thighDionysus
65%
Goddess of youthHebe
64%
In some myths he is the son of Aphrodite and Ares in others he is born from ChaosEros
63%
Lives on the Island OgygiaCalypso
55%
Killed by the blood of a Hydra. Gatekeeper of the GodsHeracles
53%
The SkyOuranos
50%
Born from Chaos the empty void in the universeGaea
45%
All oaths are sworn upon herStyx
42%
Messenger of the GodsIris
41%
Mother of AchillesThetis
38%
Made Immortal by Zeus after she is killed by Aphrodite. Has Butterfly wingsPsyche
32%

Score Distribution

Percentile by Number Answered

Percent of People with Each Score

Your Score History

You have not taken this quiz